<?xml version="1.0" encoding="UTF-8"?>
<marc:record xmlns:marc="http://www.loc.gov/MARC21/slim">
   <marc:leader>00000nam a2200000 a 4500</marc:leader>
   <marc:datafield ind1="1" ind2=" " tag="100">
      <marc:subfield code="a">Bailey, Gwen</marc:subfield>
      <marc:subfield code="4">aut</marc:subfield>
      <marc:subfield code="e">Verfasser/-in</marc:subfield>
   </marc:datafield>
   <marc:datafield ind1="1" ind2=" " tag="100">
      <marc:subfield code="a">Rüßmann, Brigitte</marc:subfield>
      <marc:subfield code="4">trl</marc:subfield>
      <marc:subfield code="e">Übersetzer/-in</marc:subfield>
   </marc:datafield>
   <marc:datafield ind1="1" ind2=" " tag="100">
      <marc:subfield code="a">Beuchelt, Wolfgang</marc:subfield>
      <marc:subfield code="4">trl</marc:subfield>
      <marc:subfield code="e">Übersetzer/-in</marc:subfield>
   </marc:datafield>
   <marc:datafield ind1=" " ind2=" " tag="653">
      <marc:subfield code="a">Hundehaltung</marc:subfield>
   </marc:datafield>
   <marc:datafield ind1=" " ind2=" " tag="653">
      <marc:subfield code="a">Hundeerziehung Buch</marc:subfield>
   </marc:datafield>
   <marc:datafield ind1=" " ind2=" " tag="653">
      <marc:subfield code="a">neuer Hund</marc:subfield>
   </marc:datafield>
   <marc:datafield ind1=" " ind2=" " tag="653">
      <marc:subfield code="a">positive Verstärkung beim Hund</marc:subfield>
   </marc:datafield>
   <marc:datafield ind1=" " ind2=" " tag="653">
      <marc:subfield code="a">sanfte Hundeerziehung</marc:subfield>
   </marc:datafield>
   <marc:datafield ind1=" " ind2=" " tag="653">
      <marc:subfield code="a">Hunde richtig führen</marc:subfield>
   </marc:datafield>
   <marc:datafield ind1=" " ind2=" " tag="653">
      <marc:subfield code="a">Hunde richtig trainieren</marc:subfield>
   </marc:datafield>
   <marc:datafield ind1=" " ind2=" " tag="653">
      <marc:subfield code="a">Hunde gut erziehen</marc:subfield>
   </marc:datafield>
   <marc:datafield ind1=" " ind2=" " tag="653">
      <marc:subfield code="a">Hund Aktivität</marc:subfield>
   </marc:datafield>
   <marc:datafield ind1=" " ind2=" " tag="653">
      <marc:subfield code="a">aktives Gassigehen</marc:subfield>
   </marc:datafield>
   <marc:datafield ind1=" " ind2=" " tag="653">
      <marc:subfield code="a">richtig Gassi gehen</marc:subfield>
   </marc:datafield>
   <marc:datafield ind1=" " ind2=" " tag="653">
      <marc:subfield code="a">Hunde beschäftigen</marc:subfield>
   </marc:datafield>
   <marc:datafield ind1=" " ind2=" " tag="653">
      <marc:subfield code="a">geistiges Training für Hunde</marc:subfield>
   </marc:datafield>
   <marc:datafield ind1=" " ind2=" " tag="653">
      <marc:subfield code="a">Hunde und Bewegung</marc:subfield>
   </marc:datafield>
   <marc:datafield ind1=" " ind2=" " tag="653">
      <marc:subfield code="a">Hunde loben</marc:subfield>
   </marc:datafield>
   <marc:datafield ind1=" " ind2=" " tag="653">
      <marc:subfield code="a">Hundeerziehung</marc:subfield>
   </marc:datafield>
   <marc:datafield ind1=" " ind2=" " tag="653">
      <marc:subfield code="a">Welpenerziehung</marc:subfield>
   </marc:datafield>
   <marc:datafield ind1=" " ind2=" " tag="653">
      <marc:subfield code="a">Hund Ratgeber</marc:subfield>
   </marc:datafield>
   <marc:datafield ind1=" " ind2=" " tag="653">
      <marc:subfield code="a">Haustiere</marc:subfield>
   </marc:datafield>
   <marc:datafield ind1=" " ind2=" " tag="653">
      <marc:subfield code="a">Softcover / Ratgeber/Natur/Hobbytierhaltung</marc:subfield>
   </marc:datafield>
   <marc:datafield ind1=" " ind2=" " tag="653">
      <marc:subfield code="a">Ratgeber</marc:subfield>
   </marc:datafield>
   <marc:datafield ind1="0" ind2="0" tag="245">
      <marc:subfield code="a">Glücklicher Hund</marc:subfield>
   </marc:datafield>
   <marc:datafield ind1="0" ind2="0" tag="245">
      <marc:subfield code="b">der praktische Weg zu einem gesunden, ausgeglichenen Tier</marc:subfield>
   </marc:datafield>
   <marc:datafield ind1="0" ind2="0" tag="245">
      <marc:subfield code="c">Gwen Bailey ; Übersetzung Brigitte Rüßmann, Wolfgang Beuchelt (Scriptorium - Köln)</marc:subfield>
   </marc:datafield>
   <marc:datafield ind1=" " ind2="1" tag="264">
      <marc:subfield code="a">München</marc:subfield>
      <marc:subfield code="b">DK</marc:subfield>
      <marc:subfield code="c">2022</marc:subfield>
   </marc:datafield>
   <marc:datafield ind1="1" ind2=" " tag="520">
      <marc:subfield code="a">Angaben aus der Verlagsmeldung

Glücklicher Hund : Der praktische Weg zu einem gesunden, ausgeglichenen Tier / von Gwen Bailey

Gesundheit und Wohlbefinden für den Hund

Es gibt eine einfache Formel zur erfolgreichen Hundeerziehung: je besser die Beziehung zum Hund, desto weniger Stress gibt es im Alltag. Wer einen harmonischen, vertrauensvollen Kontakt zum Hund aufbaut, die dem Tier Selbstvertrauen vermittelt, schafft beste Voraussetzungen für ein möglichst langes, schönes Hundeleben! Dieser Hunde-Ratgeber zeigt, wie sich das auf ganz natürliche und sanfte Weise erreichen lässt. Körperliche und geistige Fitness sind dabei ebenso Thema wie die Ernährung, der Umgang mit Präventivmedizin und die psychische Verfassung des Tieres. Von der Welpenerziehung bis zu häufigen Krankheiten – mit dem Ratgeber lernen Hundebesitzer*innen ihren besten Freund besser kennen. 

Der gesunde und glückliche Hund

Die Lebensqualität des Hundes zu verbessern ist das erklärte Ziel dieses Ratgebers. Dabei geht die Autorin von einem kooperativen, einfühlsamen Umgang mit dem Tier aus, der das Wohlbefinden und die Bedürfnisse des Hundes in den Mittelpunkt stellt. Den Hund beobachten, unterstützen, fordern und respektieren – ein glückliches Zusammenleben fängt bei der Wahl des Futters an und reicht bis zur richtigen Nähe und Pflege. Ein wichtiger, interessanter und informativer Ratgeber für neue und erfahrene Hundebesitzer*innen.

• Alles Wichtige zu den Themen Gesundheit des Hundes, körperliches und geistiges Hunde-Training, Ernährung, Erziehung und Kommunikation

• Antworten auf Fragen, die sich viele Hundebesitzer*innen stellen

• Die wichtige Rolle von Kooperation, Einfühlsamkeit und sanfter Führung im Umgang mit dem Hund

• Fallbeispiele aus der langjährigen Trainings- und Therapeuten-Erfahrung der Autorin

So bleibt Ihr Hund rundum gesund und glücklich. Der ganzheitliche und praktische Ratgeber für Hunde-Anfänger*innen und erfahrene Hundehalter*innen.

</marc:subfield>
   </marc:datafield>
   <marc:datafield ind1=" " ind2=" " tag="020">
      <marc:subfield code="a">9783831043958</marc:subfield>
      <marc:subfield code="9">9783831043958</marc:subfield>
   </marc:datafield>
   <marc:datafield ind1=" " ind2=" " tag="020">
      <marc:subfield code="a">3831043957</marc:subfield>
      <marc:subfield code="9">3831043957</marc:subfield>
   </marc:datafield>
   <marc:datafield ind1=" " ind2=" " tag="041">
      <marc:subfield code="a">ger</marc:subfield>
   </marc:datafield>
   <marc:datafield ind1=" " ind2=" " tag="300">
      <marc:subfield code="a">223 Seiten</marc:subfield>
   </marc:datafield>
</marc:record>
